Jaeden Martell Filmography - Statistics

General Stats
  • This quiz has been taken 46 times
    10 since last reset
  • The average score is 8 of 31
Answer Stats
Type Year Name % Correct
Film 2017 It
100%
Film 2019 It Chapter Two
100%
Film 2022 Metal Lords
50%
Film 2022 Mr. Harrigan's Phone
50%
Film 2017 The Book of Henry
50%
Film 2015 Aloha
25%
TV Show 2015 American Dad!
25%
Film 2024 Arcadian
25%
TV Show 2023 Barry
25%
Web Series 2021 Calls
25%
Web Mini-Series 2020 Defending Jacob
25%
Short Film 2015 Framed: The Adventures of Zion Man
25%
Short Film 2013 Grief
25%
Web Series 2023 Harriet the Spy
25%
Film 2019 Knives Out
25%
Film 2014 Playing It Cool
25%
Film 2014 St. Vincent
25%
Film 2016 The Confirmation
25%
Film 2019 The Lodge
25%
Film 2019 The True Adventures of Wolfboy
25%
Film TBA Tunnels
25%
Film 2024 Y2K
25%
Film TBA Dirty Finger Nails
0%
Commercial 2014 General Electric
0%
Commercial 2013 Hyundai
0%
Film 2019 Low Tide
0%
TV Show 2015-2016 Masters of Sex
0%
Film 2016 Midnight Special
0%
Film 2025 Our Hero, Balthazar
0%
Short Film 2025 Out of Body
0%
Commercial 2013 Verizon
0%
No matching quizzes found
Score Distribution
Percent of People with Each Score
Percentile by Number Answered
Your Score History
You have not taken this quiz since the last reset